00383nam a2200145Ia 4500008004100000020001500041041001200056082001600068100002000084245007000104260002500174300000800199650001200207700001800219221030s9999 xx 000 0 und d a0070995427 aEnglish a105.23bRic aF. K. Richtmyer 0aIntroduction to Modern Physicscby F. K. Richtmyer, E. H. Kennard bTMHaNew Delhic1999 a767 aPhysics aE. H. Kennard